¿ Es la sostenibilidad una perspectiva interculturalmente sostenible?: elementos para la crítica de un concepto bien intencionado, pero insuficiente /

Gespeichert in:
Bibliographische Detailangaben
1. Verfasser: Fornet-Betancourt, Raúl
Format: Text
Schlagworte:
Tags: Tag hinzufügen
Keine Tags, Fügen Sie den ersten Tag hinzu!

MARC

LEADER 00000 a a2200000 04500
001 11844
003
040
100 |a Fornet-Betancourt, Raúl  
245 |a ¿ Es la sostenibilidad una perspectiva interculturalmente sostenible?:   |b elementos para la crítica de un concepto bien intencionado, pero insuficiente /  |c Raúl Fornet-Betancourt 
650 |a DESARROLLO SOSTENIBLE  
650 |a ETICA  
773 |g número 129; páginas 8-14  
999 |c 36967  |d 36967